Statistics for Shovel Knight Characters

Click here to take the quiz!

General Stats

  • This quiz has been taken 118 times
  • The average score is 12 of 14

Answer Stats

HintAnswer% Correct
Main character, uses a shovel bladeShovel Knight
100%
Main character's partner, he goes on a quest to save herShield Knight
98%
Member of The Order of No Quarter, resides in Pridemoor KeepKing Knight
97%
Member of The Order of No Quarter, has his own side story, is an alchemistPlague Knight
94%
Member of The Order of No Quarter, named after a burrowing rodentMole Knight
93%
Rival of ^1, insists on defending ˘, has obsidian armourBlack Knight
92%
Member of The Order of No Quarter, makes machines, fights in a mechTinker Knight
90%
Member of The Order of No Quarter, duels with an anchorTreasure Knight
90%
Member of The Order of No Quarter, is french, duels with a rapierPropeller Knight
85%
Member of The Order of No Quarter, an old friend of ^1, fights with a snow shovelPolar Knight
84%
Member of The Order of No Quater, carries a scytheSpectre Knight
84%
The main bad guy (girl), is ^2 consumed by evil amuletThe Enchantress
83%
Will give/sell you relicsChester
71%
Is half trout, half apple, will give the player ichorsTroupple King
66%

Score Distribution

Percentile by Number Answered

Percent of People with Each Score

Your Score History

You have not taken this quiz